000 00797nam a2200193 a 4500
008 120416s1991 ||||||||||||||||| || u
020 _a0821318632
050 _aIBRD(06)DS/1991/1
100 _aRamamurti, Ravi
245 1 0 _aPrivatization and Control of State-Owned Enterprises
_cedited by, Ravi Ramamurti and Raymond Vernon
260 _aWashington, D.C.
_bWorld Bank
_c1991
300 _aviii, 332p : ill
350 _a0.00
490 _aEDI Development Studies
650 _aGOVERNMENT BUSINESS ENTERPRISES--DEVELOPING COUNTRIES--CASE STUDIES
650 _aPRIVATIZATION--DEVELOPING COUNTRIES--CASE STUDIES
700 _aVernon, Raymond
995 _D0.00
_FCBU-MAIN LIBRARY (Kitwe)
_H1
_I0.00
_M1
_UAVAILABLE
_ZInternational Publications
999 _c54709
_d54709